00731nam a2200205 a 450000100100000000500170001000800410002704000250006808200200009310000290011324500730014226000370021530000260025265000240027865000280030270000450033004900090037595201240038499900170050800001245820200929163027.0091112s1988 cu r 000 j spa d aDO-SdBNPbspacBNPHU aCu863.44bP438e1 aPérez, Julián92918513aEl elegido /cJulián Pérez ; editor, Juan Carlos Reloba Santana. aLa Habana :bGente Nueva,c1988. a134, [9] p. ;c18 cm. 4aNovela cubana92316 4aLiteratura cubana914831 aReloba Santana, Juan Carlos,eed.929186 aBNGR 001052708MOaGRbGRcCTd2009-11-12iLF1l0oCu863.44 P438ep12458-10r2020-06-25w2020-06-25y2ZPréstamo interno c12115d12115